| 000 | 00508 a2200181 4500 | ||
|---|---|---|---|
| 003 | OSt | ||
| 005 | 20240206130022.0 | ||
| 008 | 240206b |||||||| |||| 00| 0 eng d | ||
| 020 | _a9789387334694 | ||
| 040 | _cOCLC | ||
| 082 |
_a894.812301 _bLAL/E |
||
| 100 |
_aLal, S. R _910395 |
||
| 245 |
_aEnte Gramakathakal / _cS. R. LAL |
||
| 250 | _a1st ed. | ||
| 260 |
_a KOZHIKODE: _bOLIVE PUBLICATION, _c2019. |
||
| 300 | _a74P. | ||
| 942 |
_2ddc _cBK _h894.812301 _iLAL/E _k894.812301 _mLAL/E |
||
| 999 |
_c44320 _d44320 |
||